Statistics for U.S. Cities with Landforms in The Name

Click here to take the quiz!

General Stats

  • This quiz has been taken 36,608 times
    (25,660 since last reset)
  • The average score is 13 of 24

Answer Stats

City % Correct
Beverly {Hills}, CA
100%
Niagara {Falls}, NY
99%
Salt {Lake} City, UT
94%
{Mount} Vernon, NY
85%
Long {Beach}, CA
84%
{Key} West, FL
72%
Bakers{Field}, CA
72%
Hilton Head {Island}, SC
67%
Hot {Springs}, AR
66%
{Port}land, OR
66%
Green {Bay}, WI
59%
{Valley} Forge, PA
57%
Fair{banks}, AK
52%
Cedar {Rapids}, IA
49%
Battle {Creek}, MI
44%
Castle {Rock}, CO
44%
Flushing {Meadows}, NY
43%
Overland {Park}, KS
35%
Bar {Harbor}, ME
29%
Council {Bluffs}, IA
25%
{Cape} Girardeau, MO
24%
Garden {Grove}, CA
21%
{Gulf}port, MS
20%
Eden {Prairie}, MN
18%

Score Distribution

Percentile by Number Answered

Percent of People with Each Score

Your Score History

You have not taken this quiz since the last reset